000 00558nam a2200241Ia 4500
003 IT-RoPAU
008 120407s9999 xx 000 0 und d
040 _aIT-RoPAU
040 _cIT-RoPAU
041 _aita
100 _aAnita Roeper
245 _aMorale oggettiva e soggettiva. Una conversazione con Karl Rahner
250 _aRoma
260 _aEdizioni Paoline
260 _c1972
300 _a132 p.
300 _c18 cm
490 _aPunti scottanti di teologia
490 _v76
600 _a1. Titolo
942 _cBK
999 _c25209
_d25209